| 000 | 00970nam a2200313 a 4500 | ||
|---|---|---|---|
| 001 | vtls000078572 | ||
| 003 | NLI | ||
| 005 | 20210601193931.0 | ||
| 008 | 101125s1984 ilu 000 0 eng | ||
| 020 |
_a0226254658 : _cUSD 25.00 |
||
| 039 | 9 |
_y201011250827 _zVLOAD |
|
| 040 | 0 |
_aNLI _beng _cEntertech-2003 _eAACR2 |
|
| 041 | 0 | _aeng | |
| 044 | _ailu | ||
| 082 | 0 | 4 | _a194 |
| 100 | 1 |
_aFlynn, Thomas R. _9181667 |
|
| 245 | 1 | 0 |
_aSartre and Marxist existentialism : _bthe test case of collective responsibility / _cThomas R. Flynn |
| 260 |
_aChicago : _bThe University Press, _cc1984 |
||
| 300 |
_axiv, 265 p. ; _c23 cm. |
||
| 504 | _aBibliography : p. 245-265 | ||
| 600 | 1 | 0 |
_aSatre,Jean Paul, _d1905-1980 _9181668 |
| 650 | 0 |
_aExistentialism _xHistory _9179686 |
|
| 650 | 0 |
_aPhilosophy, Marxist _9179414 |
|
| 887 | _a | ||
| 901 |
_a483339 _b06.04.1985 |
||
| 902 | _aE194 F679 | ||
| 949 |
_AVIRTUAITEM _D10000 _X100 _6PUR000483339ENG |
||
| 942 |
_2ddc _cBKS |
||
| 999 |
_aVIRTUA00 _c81908 _d81908 |
||